LEADER 01284nam a2200277 i 4500 001 000000131421 003 CaOOAMICUS 005 20250530162145.0 008 041119s1964 it u000 u ita u 040 $aSeMil$bita 100 1 $aLagerlöf, Selma,$d<1858-1940>.$0(OLS)http://semarc/name/92312 245 00$aSelma Lagerlöf :$bpremio Nobel per la letteratura 1909. 246 08$aIl viaggio meraviglioso di Nils Holgersson 264 1$aMilano :$bFratelli Fabbri Editori,$c1964. 300 $a651 p. ;$c23 cm. 490 1 $aI premi Nobel per la letteratura ;$v11. 500 $aContiene: Il viaggio meraviglioso di Nils Holgersson 600 14$aLagerlöf, Selma <1858-1940>.$0(OLS)http://semarc/subject/57704 830 2$aI premi Nobel per la letteratura ;$v11.$0(OLS)http://semarc/title/407024 850 $aSeMil 852 $aSeMil$W1$xVenegono$y1$m1W V 305$j257677$B85399$CSeMilBibl$Z2$F89323 $81 961 $aRecupero: Seminario di Seveso 996 $6245$aSelma Lagerlöf :$bpremio Nobel per la letteratura 1909$9(OLS)http://semarc/title/454065 996 $6246$aIl viaggio meraviglioso di Nils Holgersson$9(OLS)http://semarc/title/193358 996 $6264$aMilano :$bFratelli Fabbri Editori$9(OLS)http://semarc/publisher/29845 LEADER 01240nam a2200289 i 4500 001 000000332503 003 CaOOAMICUS 005 20190207154050.0 008 190207s2016 it u000 u ita u 013 $a238310 020 $a978-88-372-3006-7 040 $aSeMil$bita 100 1 $aBaruzi, Jean.$0(OLS)http://semarc/name/23411 240 10$aJean de la Croix.$0(OLS)http://semarc/title/421378 245 10$aGiovanni della Croce /$cJean Baruzi ; a cura di Domenico Bosco. 260 $aBrescia :$bMorcelliana,$c2016. 300 $a240 p. ;$c19 cm. 490 0 $aIl pellicano rosso. Nuova serie ;$v261 600 04$aGiovanni : della Croce .$0(OLS)http://semarc/subject/7848 700 1 $aBosco, Domenico,$d<1950- >,$ecuratore.$0(OLS)http://semarc/name/5148 830 3$aIl pellicano rosso. Nuova serie ;$v261.$0(OLS)http://semarc/title/11366 850 $aSeMil 852 $aSeMil$W1$xVenegono$y1$m2LA V 261$j266077$B224313$CSeMilBibl$Z2$F224313 $81 996 $6020$a978-88-372-3006-7$9(OLS)http://semarc/number/286536 996 $6245$aGiovanni della Croce$9(OLS)http://semarc/title/421377 996 $6260$aBrescia :$bMorcelliana$9(OLS)http://semarc/publisher/29629